| 000 | 01176nam a2200289 a 4500 | ||
|---|---|---|---|
| 001 | 000005367 | ||
| 005 | 20200929151644.0 | ||
| 008 | 090819s2005 sp 001 0 spa d | ||
| 020 | _a8400083520 | ||
| 040 |
_aDO-SdBNP _bspa _cBNPHU |
||
| 082 |
_axxxx _bP718p |
||
| 100 | 1 |
_aPlatón, _d428-347 a. c. _915219 |
|
| 240 | 1 | 3 |
_aProtágoras _lEspañol-Griego |
| 245 | 1 | 0 |
_aProtágoras / _cPlatón ; introducción, traducción y notas de Ramón Serrano Cantarín, Mercedes Díaz de Cerio Díez. |
| 250 | _aEdición crítica | ||
| 260 |
_aMadrid, España : _bMinisterio de Educación y Ciencia ; _bConsejo Superior de Investigaciones Científicas, _c2005. |
||
| 300 |
_acci, 238 p. ; _c22 cm. |
||
| 490 | 1 | _aAutores griegos y latinos | |
| 500 | _aIncluye referencias biblográficas y notas al pie de las páginas | ||
| 500 | _aAlma mater : texto en dos idiomas | ||
| 504 | _aBibliográfía : p. 171-198 | ||
| 546 | _aTexto en latín y traducción paralela en español, introducción en español | ||
| 700 | 1 |
_aSerrano Cantarín, Ramón, _etr. _915220 |
|
| 700 | 1 |
_aDíaz de Cerio Díez, Mercedez, _etr. _915221 |
|
| 830 | 0 |
_aAutores griegos y latinos _915129 |
|
| 049 | _aBNPD | ||
| 999 |
_c5167 _d5167 |
||